[Event "XLIV Memoriał Szachowy Ludwika Zamenhofa 2025, Grupa B"]
[Site "Bialystok, Poland"]
[Date "2025.12.30"]
[Round "8.5"]
[White "Mielczarski, Miroslaw"]
[Black "Fukowski, Pawel"]
[Result "1-0"]
[TimeControl "90'+30\""]
[WhiteElo "2042"]
[BlackElo "1997"]

1. c4 {[%clk 01:30:51]} {[%emt 00:00:07]} Nf6 {[%clk 01:30:59]} {[%emt
00:00:03]} 2. Nc3 {[%clk 01:31:02]} {[%emt 00:00:18]} e6 {[%clk 01:27:57]}
{[%emt 00:03:33]} 3. Nf3 {[%clk 01:29:45]} {[%emt 00:01:46]} b6 {[%clk
01:27:21]} {[%emt 00:01:07]} 4. g3 {[%clk 01:27:08]} {[%emt 00:03:07]} Bb7
{[%clk 01:26:33]} {[%emt 00:01:19]} 5. Bg2 {[%clk 01:27:29]} {[%emt 00:00:08]}
Bb4 {[%clk 01:21:48]} {[%emt 00:05:15]} 6. O-O {[%clk 01:25:43]} {[%emt
00:02:15]} O-O {[%clk 01:20:14]} {[%emt 00:02:05]} 7. Qc2 {[%clk 01:23:08]}
{[%emt 00:03:04]} h6 {[%clk 01:18:27]} {[%emt 00:02:18]} 8. a3 {[%clk
01:12:42]} {[%emt 00:10:56]} Be7 {[%clk 01:08:28]} {[%emt 00:10:29]} 9. d4
{[%clk 01:12:37]} {[%emt 00:00:36]} d6 {[%clk 01:07:49]} {[%emt 00:01:09]} 10.
Rd1 {[%clk 01:03:43]} {[%emt 00:09:23]} Qc8 {[%clk 01:04:09]} {[%emt 00:04:10]}
11. b4 {[%clk 00:59:31]} {[%emt 00:04:42]} Rd8 {[%clk 00:58:26]} {[%emt
00:06:13]} 12. e4 {[%clk 00:51:54]} {[%emt 00:08:06]} Nbd7 {[%clk 00:55:09]}
{[%emt 00:03:47]} 13. d5 {[%clk 00:51:27]} {[%emt 00:00:57]} e5 {[%clk
00:53:04]} {[%emt 00:02:36]} 14. Qd3 {[%clk 00:45:01]} {[%emt 00:06:56]} c5
{[%clk 00:48:21]} {[%emt 00:05:13]} 15. dxc6 {[%clk 00:44:06]} {[%emt
00:01:25]} Qxc6 {[%clk 00:47:42]} {[%emt 00:01:09]} 16. Nd5 {[%clk 00:44:27]}
{[%emt 00:00:09]} Nxd5 {[%clk 00:46:25]} {[%emt 00:01:47]} 17. exd5 {[%clk
00:34:07]} {[%emt 00:10:50]} Qa4 {[%clk 00:39:06]} {[%emt 00:07:50]} 18. Be3
{[%clk 00:34:28]} {[%emt 00:00:06]} Rac8 {[%clk 00:36:05]} {[%emt 00:03:32]} 19.
Nd2 {[%clk 00:33:07]} {[%emt 00:01:49]} Nf6 {[%clk 00:30:09]} {[%emt 00:06:28]}
20. Bf3 {[%clk 00:30:56]} {[%emt 00:02:40]} Rc7 {[%clk 00:25:58]} {[%emt
00:04:43]} 21. Rdc1 {[%clk 00:30:10]} {[%emt 00:01:14]} Qd7 {[%clk 00:21:26]}
{[%emt 00:05:03]} 22. Nf1 {[%clk 00:29:18]} {[%emt 00:01:19]} Qh3 {[%clk
00:20:38]} {[%emt 00:01:21]} 23. Bg2 {[%clk 00:29:38]} {[%emt 00:00:09]} Qh5
{[%clk 00:19:31]} {[%emt 00:01:37]} 24. f3 {[%clk 00:27:09]} {[%emt 00:02:59]}
Ba6 {[%clk 00:14:53]} {[%emt 00:05:09]} 25. g4 {[%clk 00:25:37]} {[%emt
00:02:01]} Qg6 {[%clk 00:14:18]} {[%emt 00:01:06]} 26. Qxg6 {[%clk 00:25:54]}
{[%emt 00:00:12]} fxg6 {[%clk 00:14:46]} {[%emt 00:00:01]} 27. b5 {[%clk
00:26:19]} {[%emt 00:00:07]} Bb7 {[%clk 00:13:29]} {[%emt 00:01:47]} 28. a4
{[%clk 00:24:47]} {[%emt 00:02:02]} Rdc8 {[%clk 00:11:21]} {[%emt 00:02:38]} 29.
a5 {[%clk 00:25:02]} {[%emt 00:00:15]} Rxc4 {[%clk 00:11:11]} {[%emt 00:00:40]}
30. Rxc4 {[%clk 00:25:12]} {[%emt 00:00:20]} Rxc4 {[%clk 00:11:39]} {[%emt
00:00:02]} 31. axb6 {[%clk 00:25:33]} {[%emt 00:00:08]} axb6 {[%clk 00:11:55]}
{[%emt 00:00:15]} 32. Ra7 {[%clk 00:25:47]} {[%emt 00:00:16]} Rc7 {[%clk
00:10:31]} {[%emt 00:01:54]} 33. Bxb6 {[%clk 00:26:07]} {[%emt 00:00:10]} Rd7
{[%clk 00:10:58]} {[%emt 00:00:03]} 34. Ne3 {[%clk 00:26:20]} {[%emt 00:00:15]}
g5 {[%clk 00:09:08]} {[%emt 00:02:23]} 35. Bf1 {[%clk 00:26:35]} {[%emt
00:00:11]} Kf7 {[%clk 00:08:38]} {[%emt 00:01:03]} 36. Bd3 {[%clk 00:26:25]}
{[%emt 00:00:39]} g6 {[%clk 00:08:47]} {[%emt 00:00:22]} 37. Kf2 {[%clk
00:26:42]} {[%emt 00:00:12]} Bc8 {[%clk 00:03:09]} {[%emt 00:06:09]} 38. Bc7
{[%clk 00:20:53]} {[%emt 00:06:19]} Bd8 {[%clk 00:01:55]} {[%emt 00:01:44]} 39.
b6 {[%clk 00:21:03]} {[%emt 00:00:20]} Bxc7 {[%clk 00:01:39]} {[%emt 00:00:46]}
40. bxc7 {[%clk 00:21:16]} {[%emt 00:00:17]} Ne8 {[%clk 00:02:03]} {[%emt
00:00:06]} 41. Bb5 {[%clk 00:21:29]} {[%emt 00:00:17]} Ke7 {[%clk 00:02:28]}
{[%emt 00:00:05]} 42. Bxd7 {[%clk 00:21:42]} {[%emt 00:00:16]} Kxd7 {[%clk
00:02:47]} {[%emt 00:00:12]} 43. Nc4 {[%clk 00:21:56]} {[%emt 00:00:16]} Nxc7
{[%clk 00:03:10]} {[%emt 00:00:07]} 44. Nb6+ {[%clk 00:21:51]} {[%emt
00:00:35]} Kd8 {[%clk 00:03:33]} {[%emt 00:00:08]} 45. Ke3 {[%clk 00:17:24]}
{[%emt 00:04:56]} Bd7 {[%clk 00:00:49]} {[%emt 00:03:13]} 46. Rb7 {[%clk
00:16:33]} {[%emt 00:01:20]} Be8 {[%clk 00:00:39]} {[%emt 00:00:42]} 47. Ke4
{[%clk 00:16:01]} {[%emt 00:01:01]} Nb5 {[%clk 00:00:39]} {[%emt 00:00:30]} 48.
Rh7 {[%clk 00:07:46]} {[%emt 00:08:45]} h5 {[%clk 00:01:05]} {[%emt 00:00:05]}
49. gxh5 {[%clk 00:07:37]} {[%emt 00:00:39]} gxh5 {[%clk 00:01:34]} {[%emt
00:00:01]} 50. Rg7 {[%clk 00:07:14]} {[%emt 00:00:51]} g4 {[%clk 00:01:54]}
{[%emt 00:00:12]} 51. fxg4 {[%clk 00:06:31]} {[%emt 00:01:12]} hxg4 {[%clk
00:02:23]} {[%emt 00:00:02]} 52. Kf5 {[%clk 00:05:23]} {[%emt 00:01:37]} Nc3
{[%clk 00:00:36]} {[%emt 00:02:18]} 53. Kxg4 {[%clk 00:05:35]} {[%emt
00:00:16]} e4 {[%clk 00:00:39]} {[%emt 00:00:29]} 54. Kf4 {[%clk 00:05:49]}
{[%emt 00:00:16]} Bh5 {[%clk 00:00:45]} {[%emt 00:00:24]} 55. Rd7+ {[%clk
00:05:20]} {[%emt 00:00:59]} Ke8 {[%clk 00:01:14]} {[%emt 00:00:01]} 56. Rxd6
{[%clk 00:05:39]} {[%emt 00:00:10]} Bf3 {[%clk 00:01:38]} {[%emt 00:00:07]} 57.
h4 {[%clk 00:03:47]} {[%emt 00:02:22]} Ne2+ {[%clk 00:01:49]} {[%emt 00:00:19]}
58. Kg5 {[%clk 00:03:26]} {[%emt 00:00:49]} Ng3 {[%clk 00:02:11]} {[%emt
00:00:09]} 59. Nc4 {[%clk 00:03:36]} {[%emt 00:00:20]} Kf7 {[%clk 00:00:34]}
{[%emt 00:02:07]} 60. Ne3 {[%clk 00:03:59]} {[%emt 00:00:07]} Ke7 {[%clk
00:00:48]} {[%emt 00:00:17]} 61. Rh6 {[%clk 00:04:05]} {[%emt 00:00:23]} Kd7
{[%clk 00:01:00]} {[%emt 00:00:18]} 62. h5 {[%clk 00:04:17]} {[%emt 00:00:18]}
Be2 {[%clk 00:00:39]} {[%emt 00:00:52]} 63. Rh7+ {[%clk 00:04:23]} {[%emt
00:00:23]} Kd6 {[%clk 00:00:58]} {[%emt 00:00:11]} 64. h6 {[%clk 00:04:48]}
{[%emt 00:00:06]} Ke5 {[%clk 00:00:38]} {[%emt 00:00:50]} 65. Re7+ {[%clk
00:04:59]} {[%emt 00:00:19]} Kd4 {[%clk 00:01:04]} {[%emt 00:00:04]} 66. h7
{[%clk 00:04:21]} {[%emt 00:01:07]} 1-0

[Event "XLIV Memoriał Szachowy Ludwika Zamenhofa 2025, Grupa B"]
[Site "Bialystok, Poland"]
[Date "2025.12.30"]
[Round "8.6"]
[White "Zareba, Maciej"]
[Black "Kozlowski, Pawel"]
[Result "0-1"]
[TimeControl "90'+30\""]
[WhiteElo "1890"]
[BlackElo "2036"]

1. e4 {[%clk 01:30:58]} {[%emt 00:00:01]} c5 {[%clk 01:20:19]} {[%emt
00:10:33]} 2. Nc3 {[%clk 01:30:43]} {[%emt 00:00:54]} a6 {[%clk 01:20:12]}
{[%emt 00:00:37]} 3. g3 {[%clk 01:30:49]} {[%emt 00:00:24]} b5 {[%clk
01:20:27]} {[%emt 00:00:14]} 4. a3 {[%clk 01:31:05]} {[%emt 00:00:15]} Bb7
{[%clk 01:20:37]} {[%emt 00:00:20]} 5. Bg2 {[%clk 01:31:29]} {[%emt 00:00:06]}
e6 {[%clk 01:19:16]} {[%emt 00:01:51]} 6. Nf3 {[%clk 01:30:17]} {[%emt
00:01:42]} Nf6 {[%clk 01:16:27]} {[%emt 00:03:19]} 7. e5 {[%clk 01:29:34]}
{[%emt 00:01:13]} Nd5 {[%clk 01:15:49]} {[%emt 00:01:08]} 8. Nxd5 {[%clk
01:29:31]} {[%emt 00:00:33]} Bxd5 {[%clk 01:15:55]} {[%emt 00:00:24]} 9. O-O
{[%clk 01:29:23]} {[%emt 00:00:38]} Nc6 {[%clk 01:10:31]} {[%emt 00:05:54]} 10.
b3 {[%clk 01:26:11]} {[%emt 00:03:42]} c4 {[%clk 00:48:29]} {[%emt 00:22:32]}
11. Bb2 {[%clk 01:25:08]} {[%emt 00:01:33]} Be7 {[%clk 00:46:50]} {[%emt
00:02:09]} 12. Nd4 {[%clk 01:22:02]} {[%emt 00:03:36]} Bxg2 {[%clk 00:36:21]}
{[%emt 00:10:58]} 13. Kxg2 {[%clk 01:22:30]} {[%emt 00:00:02]} Nxe5 {[%clk
00:30:19]} {[%emt 00:06:33]} 14. Nxb5 {[%clk 01:15:50]} {[%emt 00:07:11]} Qb8
{[%clk 00:22:25]} {[%emt 00:08:23]} 15. Qe2 {[%clk 01:05:21]} {[%emt 00:10:59]}
Qxb5 {[%clk 00:18:47]} {[%emt 00:04:08]} 16. Bxe5 {[%clk 01:01:37]} {[%emt
00:04:14]} f6 {[%clk 00:15:28]} {[%emt 00:03:48]} 17. Qh5+ {[%clk 00:58:02]}
{[%emt 00:04:06]} g6 {[%clk 00:15:27]} {[%emt 00:00:32]} 18. Qf3 {[%clk
00:58:26]} {[%emt 00:00:05]} d5 {[%clk 00:14:20]} {[%emt 00:01:36]} 19. bxc4
{[%clk 00:58:02]} {[%emt 00:00:54]} Qxc4 {[%clk 00:13:37]} {[%emt 00:01:14]} 20.
Bc3 {[%clk 00:55:59]} {[%emt 00:02:33]} O-O {[%clk 00:12:26]} {[%emt 00:01:41]}
21. Rfb1 {[%clk 00:37:39]} {[%emt 00:18:50]} Rab8 {[%clk 00:11:31]} {[%emt
00:01:25]} 22. Qe3 {[%clk 00:35:54]} {[%emt 00:02:15]} Qc6 {[%clk 00:08:19]}
{[%emt 00:03:42]} 23. f3 {[%clk 00:29:08]} {[%emt 00:07:16]} e5 {[%clk
00:06:29]} {[%emt 00:02:21]} 24. Rxb8 {[%clk 00:26:38]} {[%emt 00:02:59]} Rxb8
{[%clk 00:06:46]} {[%emt 00:00:13]} 25. Qa7 {[%clk 00:24:49]} {[%emt 00:02:19]}
Qb7 {[%clk 00:04:31]} {[%emt 00:02:45]} 26. Qxb7 {[%clk 00:18:50]} {[%emt
00:06:29]} Rxb7 {[%clk 00:05:00]} 27. Bb4 {[%clk 00:19:01]} {[%emt 00:00:19]}
Kf7 {[%clk 00:02:39]} {[%emt 00:02:51]} 28. Kf2 {[%clk 00:18:41]} {[%emt
00:00:49]} Bd8 {[%clk 00:02:39]} {[%emt 00:00:30]} 29. Ke2 {[%clk 00:16:26]}
{[%emt 00:02:46]} a5 {[%clk 00:01:23]} {[%emt 00:01:47]} 30. Bc5 {[%clk
00:16:43]} {[%emt 00:00:12]} d4 {[%clk 00:01:29]} {[%emt 00:00:24]} 31. a4
{[%clk 00:15:57]} {[%emt 00:01:16]} Ke6 {[%clk 00:01:18]} {[%emt 00:00:41]} 32.
d3 {[%clk 00:13:23]} {[%emt 00:03:05]} Rc7 {[%clk 00:00:54]} {[%emt 00:00:53]}
33. Bb6 {[%clk 00:12:25]} {[%emt 00:01:28]} Rxc2+ {[%clk 00:01:18]} {[%emt
00:00:06]} 0-1

[Event "XLIV Memoriał Szachowy Ludwika Zamenhofa 2025, Grupa B"]
[Site "Bialystok, Poland"]
[Date "2025.12.30"]
[Round "8.7"]
[White "Leskiewicz, Ignacy"]
[Black "Rajlich, Vaclav"]
[Result "1-0"]
[TimeControl "90'+30\""]
[WhiteElo "2118"]
[BlackElo "1985"]

1. d4 {[%clk 01:25:10]} {[%emt 00:05:42]} Nf6 {[%clk 01:30:48]} {[%emt
00:00:19]} 2. Nf3 {[%clk 01:25:33]} {[%emt 00:00:08]} c5 {[%clk 01:31:05]}
{[%emt 00:00:13]} 3. c4 {[%clk 01:24:17]} {[%emt 00:01:46]} cxd4 {[%clk
01:30:13]} {[%emt 00:01:22]} 4. Nxd4 {[%clk 01:24:18]} {[%emt 00:00:29]} Nc6
{[%clk 01:29:33]} {[%emt 00:01:10]} 5. g3 {[%clk 01:23:35]} {[%emt 00:01:13]}
g6 {[%clk 01:27:55]} {[%emt 00:02:08]} 6. Bg2 {[%clk 01:22:16]} {[%emt
00:01:49]} Bg7 {[%clk 01:28:17]} {[%emt 00:00:07]} 7. Nc3 {[%clk 01:21:54]}
{[%emt 00:00:53]} O-O {[%clk 01:28:37]} {[%emt 00:00:09]} 8. O-O {[%clk
01:21:34]} {[%emt 00:00:50]} Nxd4 {[%clk 01:28:17]} {[%emt 00:00:51]} 9. Qxd4
{[%clk 01:21:56]} {[%emt 00:00:08]} d6 {[%clk 01:28:43]} {[%emt 00:00:04]} 10.
b3 {[%clk 01:13:23]} {[%emt 00:09:03]} Nd7 {[%clk 01:26:25]} {[%emt 00:02:48]}
11. Qd2 {[%clk 01:13:41]} {[%emt 00:00:12]} Nc5 {[%clk 01:26:14]} {[%emt
00:00:40]} 12. Bb2 {[%clk 01:10:37]} {[%emt 00:03:33]} a5 {[%clk 01:24:38]}
{[%emt 00:02:07]} 13. Rfd1 {[%clk 00:58:10]} {[%emt 00:12:57]} a4 {[%clk
01:16:00]} {[%emt 00:09:09]} 14. Nd5 {[%clk 00:45:58]} {[%emt 00:12:42]} Bxb2
{[%clk 01:14:46]} {[%emt 00:01:44]} 15. Qxb2 {[%clk 00:46:17]} {[%emt
00:00:10]} Be6 {[%clk 01:12:56]} {[%emt 00:02:21]} 16. b4 {[%clk 00:45:24]}
{[%emt 00:01:23]} a3 {[%clk 01:12:49]} {[%emt 00:00:36]} 17. Qc3 {[%clk
00:38:59]} {[%emt 00:06:53]} Nd7 {[%clk 01:12:57]} {[%emt 00:00:24]} 18. Nf4
{[%clk 00:38:24]} {[%emt 00:01:04]} Qc7 {[%clk 01:11:14]} {[%emt 00:02:14]} 19.
Rac1 {[%clk 00:34:17]} {[%emt 00:04:39]} Nf6 {[%clk 01:03:53]} {[%emt
00:07:50]} 20. Nxe6 {[%clk 00:21:08]} {[%emt 00:13:39]} fxe6 {[%clk 01:04:17]}
{[%emt 00:00:05]} 21. c5 {[%clk 00:21:00]} {[%emt 00:00:38]} d5 {[%clk
01:03:49]} {[%emt 00:00:58]} 22. Bh3 {[%clk 00:20:51]} {[%emt 00:00:40]} Kf7
{[%clk 01:01:24]} {[%emt 00:02:54]} 23. b5 {[%clk 00:16:46]} {[%emt 00:04:36]}
Ra4 {[%clk 00:59:11]} {[%emt 00:02:44]} 24. f3 {[%clk 00:14:49]} Rd8 {[%clk
00:52:55]} {[%emt 00:09:11]} 25. Qe3 {[%clk 00:09:10]} e5 {[%clk 00:52:59]}
{[%emt 00:06:36]} 26. b6 {[%clk 00:07:36]} Qb8 {[%clk 00:53:21]} {[%emt
00:02:12]} 27. c6 {[%clk 00:07:58]} bxc6 {[%clk 00:53:28]} {[%emt 00:00:31]} 28.
Rxc6 {[%clk 00:08:11]} Rb4 {[%clk 00:51:34]} {[%emt 00:02:40]} 29. Be6+ {[%clk
00:07:07]} Kg7 {[%clk 00:50:21]} {[%emt 00:03:18]} 30. Qc5 {[%clk 00:05:23]}
Rd6 {[%clk 00:49:43]} {[%emt 00:03:22]} 31. Qxb4 {[%clk 00:05:33]} Rxc6 {[%clk
00:50:09]} {[%emt 00:00:24]} 32. Qxe7+ {[%clk 00:05:59]} Kh6 {[%clk 00:50:35]}
{[%emt 00:00:08]} 33. Qxf6 {[%clk 00:05:29]} Qxb6+ {[%clk 00:51:01]} {[%emt
00:01:04]} 34. Kg2 {[%clk 00:05:41]} Rxe6 {[%clk 00:51:22]} {[%emt 00:00:27]}
35. Qf8+ {[%clk 00:06:07]} Kg5 {[%clk 00:51:26]} {[%emt 00:00:30]} 36. h4+
{[%clk 00:06:31]} {[%emt 00:00:06]} Kh5 {[%clk 00:51:53]} {[%emt 00:00:03]} 37.
g4+ {[%clk 00:06:56]} {[%emt 00:00:04]} Kxh4 {[%clk 00:52:22]} {[%emt
00:00:02]} 38. Qh6# {[%clk 00:07:21]} {[%emt 00:00:05]} 1-0

[Event "XLIV Memoriał Szachowy Ludwika Zamenhofa 2025, Grupa B"]
[Site "Bialystok, Poland"]
[Date "2025.12.30"]
[Round "8.8"]
[White "Kicinska, Anna"]
[Black "Jakubowska, Anna"]
[Result "1/2-1/2"]
[TimeControl "90'+30\""]
[WhiteElo "1901"]
[BlackElo "2139"]

1. d4 {[%clk 01:30:59]} Nf6 {[%clk 01:30:44]} {[%emt 00:00:17]} 2. Nf3 {[%clk
01:31:23]} {[%emt 00:00:06]} e6 {[%clk 01:31:07]} {[%emt 00:00:06]} 3. c3
{[%clk 01:28:56]} {[%emt 00:02:58]} b6 {[%clk 01:28:58]} {[%emt 00:02:39]} 4.
Bf4 {[%clk 01:28:07]} {[%emt 00:01:19]} Bb7 {[%clk 01:29:01]} {[%emt 00:00:27]}
5. Nbd2 {[%clk 01:28:13]} {[%emt 00:00:23]} Nh5 {[%clk 01:18:22]} {[%emt
00:11:10]} 6. Bg5 {[%clk 01:21:33]} {[%emt 00:07:10]} f6 {[%clk 01:17:39]}
{[%emt 00:01:13]} 7. Be3 {[%clk 01:14:43]} {[%emt 00:07:19]} f5 {[%clk
01:17:47]} {[%emt 00:00:22]} 8. Bg5 {[%clk 01:13:50]} {[%emt 00:01:23]} Be7
{[%clk 01:18:09]} {[%emt 00:00:08]} 9. Bxe7 {[%clk 01:14:13]} {[%emt 00:00:07]}
Qxe7 {[%clk 01:18:35]} {[%emt 00:00:03]} 10. Qc2 {[%clk 01:12:22]} {[%emt
00:02:22]} c5 {[%clk 01:11:28]} {[%emt 00:07:38]} 11. e3 {[%clk 01:02:31]}
{[%emt 00:10:20]} O-O {[%clk 01:03:27]} {[%emt 00:08:31]} 12. Bd3 {[%clk
01:00:58]} {[%emt 00:02:04]} cxd4 {[%clk 01:01:05]} {[%emt 00:02:52]} 13. cxd4
{[%clk 00:57:16]} {[%emt 00:04:12]} Nc6 {[%clk 00:57:53]} {[%emt 00:03:41]} 14.
a3 {[%clk 00:54:11]} {[%emt 00:03:35]} Rac8 {[%clk 00:58:17]} {[%emt 00:00:06]}
15. Qd1 {[%clk 00:51:18]} {[%emt 00:03:23]} d6 {[%clk 00:52:07]} {[%emt
00:06:40]} 16. O-O {[%clk 00:50:07]} {[%emt 00:01:41]} g6 {[%clk 00:46:11]}
{[%emt 00:06:26]} 17. b4 {[%clk 00:36:21]} {[%emt 00:14:16]} e5 {[%clk
00:43:19]} {[%emt 00:03:22]} 18. Bc4+ {[%clk 00:34:31]} {[%emt 00:02:20]} Kh8
{[%clk 00:42:21]} {[%emt 00:01:28]} 19. dxe5 {[%clk 00:33:04]} {[%emt
00:01:57]} dxe5 {[%clk 00:39:55]} {[%emt 00:02:57]} 20. Bb5 {[%clk 00:18:08]}
{[%emt 00:15:25]} a6 {[%clk 00:29:00]} {[%emt 00:11:25]} 21. Bxc6 {[%clk
00:17:58]} {[%emt 00:00:41]} Rxc6 {[%clk 00:26:51]} {[%emt 00:02:38]} 22. Rc1
{[%clk 00:16:56]} {[%emt 00:01:32]} Rd6 {[%clk 00:19:00]} {[%emt 00:08:21]} 23.
Qb3 {[%clk 00:15:03]} {[%emt 00:02:23]} e4 {[%clk 00:19:01]} {[%emt 00:00:29]}
24. Nd4 {[%clk 00:14:26]} {[%emt 00:01:07]} f4 {[%clk 00:19:21]} {[%emt
00:00:09]} 25. Qc3 {[%clk 00:12:47]} {[%emt 00:02:10]} Ng7 {[%clk 00:18:46]}
{[%emt 00:01:05]} 26. Qc7 {[%clk 00:11:01]} {[%emt 00:02:15]} Rd7 {[%clk
00:18:53]} {[%emt 00:00:24]} 27. Qxb6 {[%clk 00:09:44]} {[%emt 00:01:47]} f3
{[%clk 00:19:15]} {[%emt 00:00:09]} 28. Qc5 {[%clk 00:08:46]} {[%emt 00:01:28]}
fxg2 {[%clk 00:17:52]} {[%emt 00:01:52]} 29. Rfe1 {[%clk 00:05:31]} {[%emt
00:03:44]} Qf6 {[%clk 00:18:10]} {[%emt 00:00:13]} 30. Re2 {[%clk 00:04:42]}
{[%emt 00:01:20]} Rdf7 {[%clk 00:11:35]} {[%emt 00:07:04]} 31. Rc2 {[%clk
00:02:39]} {[%emt 00:02:33]} Rc8 {[%clk 00:03:34]} {[%emt 00:08:32]} 32. Qxc8+
{[%clk 00:03:00]} {[%emt 00:00:08]} Bxc8 {[%clk 00:04:03]} 33. Rxc8+ {[%clk
00:03:23]} {[%emt 00:00:07]} Rf8 {[%clk 00:04:33]} 34. Nxe4 {[%clk 00:03:01]}
{[%emt 00:00:53]} Qf7 {[%clk 00:05:02]} 35. Rxf8+ {[%clk 00:01:36]} {[%emt
00:01:55]} Qxf8 {[%clk 00:05:31]} {[%emt 00:00:02]} 36. Nc5 {[%clk 00:01:57]}
{[%emt 00:00:09]} Nf5 {[%clk 00:05:04]} {[%emt 00:00:57]} 37. Nxf5 {[%clk
00:01:15]} {[%emt 00:01:12]} Qxf5 {[%clk 00:05:20]} {[%emt 00:00:13]} 38. e4
{[%clk 00:00:59]} {[%emt 00:00:45]} Qe5 {[%clk 00:05:01]} {[%emt 00:00:48]} 39.
Re3 {[%clk 00:01:01]} {[%emt 00:00:30]} a5 {[%clk 00:02:33]} {[%emt 00:02:59]}
40. Kxg2 {[%clk 00:00:50]} {[%emt 00:00:41]} axb4 {[%clk 00:02:43]} {[%emt
00:00:20]} 41. axb4 {[%clk 00:01:14]} {[%emt 00:00:05]} h5 {[%clk 00:02:45]}
{[%emt 00:00:27]} 42. Nd3 {[%clk 00:01:23]} {[%emt 00:00:22]} Qe6 {[%clk
00:03:08]} {[%emt 00:00:07]} 43. e5 {[%clk 00:01:17]} {[%emt 00:00:36]} Qg4+
{[%clk 00:02:43]} {[%emt 00:00:54]} 44. Kf1 {[%clk 00:01:43]} {[%emt 00:00:05]}
Qd1+ {[%clk 00:03:10]} {[%emt 00:00:04]} 45. Ne1 {[%clk 00:01:59]} {[%emt
00:00:13]} Kg8 {[%clk 00:03:20]} {[%emt 00:00:20]} 46. e6 {[%clk 00:02:23]}
{[%emt 00:00:06]} Kf8 {[%clk 00:03:45]} {[%emt 00:00:05]} 47. e7+ {[%clk
00:01:15]} {[%emt 00:01:38]} Ke8 {[%clk 00:04:14]} 48. b5 {[%clk 00:01:02]}
{[%emt 00:00:43]} Qb1 {[%clk 00:04:09]} {[%emt 00:00:34]} 49. Re5 {[%clk
00:00:40]} {[%emt 00:00:53]} h4 {[%clk 00:04:35]} {[%emt 00:00:04]} 50. h3
{[%clk 00:00:48]} {[%emt 00:00:21]} Qa1 {[%clk 00:04:01]} {[%emt 00:01:05]} 51.
Re3 {[%clk 00:00:48]} {[%emt 00:00:30]} Qb1 {[%clk 00:04:29]} {[%emt 00:00:02]}
52. Kg2 {[%clk 00:00:40]} {[%emt 00:00:38]} Qxb5 {[%clk 00:04:54]} {[%emt
00:00:05]} 53. Nf3 {[%clk 00:00:54]} {[%emt 00:00:16]} Qd5 {[%clk 00:05:03]}
{[%emt 00:00:19]} 54. Kh2 {[%clk 00:00:38]} {[%emt 00:00:47]} Qd6+ {[%clk
00:04:39]} {[%emt 00:00:54]} 55. Kg1 {[%clk 00:00:46]} {[%emt 00:00:22]} Qd1+
{[%clk 00:04:59]} {[%emt 00:00:11]} 56. Kg2 {[%clk 00:00:53]} {[%emt 00:00:23]}
Qd5 {[%clk 00:05:24]} {[%emt 00:00:04]} 57. Re5 {[%clk 00:01:17]} {[%emt
00:00:07]} Qc6 {[%clk 00:05:41]} {[%emt 00:00:12]} 58. Re1 {[%clk 00:00:54]}
{[%emt 00:00:53]} Qd5 {[%clk 00:05:36]} {[%emt 00:00:35]} 59. Re3 {[%clk
00:01:16]} {[%emt 00:00:08]} Qc6 {[%clk 00:05:42]} {[%emt 00:00:25]} 60. Kf1
{[%clk 00:01:22]} {[%emt 00:00:24]} Qc4+ {[%clk 00:05:45]} {[%emt 00:00:26]} 61.
Ke1 {[%clk 00:00:54]} {[%emt 00:00:59]} Qc1+ {[%clk 00:05:59]} {[%emt
00:00:15]} 62. Ke2 {[%clk 00:01:14]} {[%emt 00:00:11]} Qc4+ {[%clk 00:06:25]}
{[%emt 00:00:04]} 63. Kd2 {[%clk 00:01:16]} {[%emt 00:00:28]} Qd5+ {[%clk
00:04:44]} {[%emt 00:02:11]} 64. Ke1 {[%clk 00:00:53]} {[%emt 00:00:53]} Qa5+
{[%clk 00:04:13]} {[%emt 00:01:01]} 65. Nd2 {[%clk 00:01:11]} {[%emt 00:00:12]}
Qd5 {[%clk 00:04:06]} {[%emt 00:00:37]} 66. Ne4 {[%clk 00:00:35]} {[%emt
00:01:07]} Qa5+ {[%clk 00:04:35]} {[%emt 00:00:01]} 67. Nc3 {[%clk 00:00:56]}
{[%emt 00:00:08]} Qa1+ {[%clk 00:04:46]} {[%emt 00:00:19]} 68. Ke2 {[%clk
00:01:10]} {[%emt 00:00:15]} Qa6+ {[%clk 00:05:08]} {[%emt 00:00:08]} 69. Kf3
{[%clk 00:01:02]} {[%emt 00:00:39]} Qc6+ {[%clk 00:05:37]} {[%emt 00:00:02]} 70.
Ke2 {[%clk 00:00:35]} {[%emt 00:00:56]} Qa6+ {[%clk 00:06:05]} {[%emt
00:00:02]} 71. Kd2 {[%clk 00:00:36]} {[%emt 00:00:30]} Qd6+ {[%clk 00:06:06]}
{[%emt 00:00:28]} 72. Ke1 {[%clk 00:00:50]} {[%emt 00:00:16]} Qb4 {[%clk
00:06:21]} {[%emt 00:00:15]} 73. Ke2 {[%clk 00:00:36]} {[%emt 00:00:44]} Qc4+
{[%clk 00:06:36]} {[%emt 00:00:15]} 74. Ke1 {[%clk 00:00:55]} {[%emt 00:00:11]}
Qb4 {[%clk 00:07:03]} {[%emt 00:00:03]} 75. Kf1 {[%clk 00:01:21]} {[%emt
00:00:04]} Qa5 {[%clk 00:04:45]} {[%emt 00:02:47]} 76. Ne2 {[%clk 00:00:47]}
{[%emt 00:01:04]} Qa1+ {[%clk 00:04:35]} {[%emt 00:00:41]} 77. Kg2 {[%clk
00:01:12]} {[%emt 00:00:05]} Qa8+ {[%clk 00:04:59]} {[%emt 00:00:06]} 78. Kg1
{[%clk 00:01:01]} {[%emt 00:00:41]} Qa1+ {[%clk 00:05:14]} {[%emt 00:00:15]} 79.
Kh2 {[%clk 00:01:28]} {[%emt 00:00:03]} Qf1 {[%clk 00:05:22]} {[%emt 00:00:22]}
80. Nf4 {[%clk 00:01:35]} {[%emt 00:00:23]} Qxf2+ {[%clk 00:05:28]} {[%emt
00:00:24]} 81. Ng2 {[%clk 00:02:00]} {[%emt 00:00:04]} g5 {[%clk 00:04:09]}
{[%emt 00:01:50]} 82. Kh1 {[%clk 00:02:17]} {[%emt 00:00:13]} Qf1+ {[%clk
00:02:26]} {[%emt 00:02:12]} 83. Kh2 {[%clk 00:02:43]} {[%emt 00:00:04]} Qc1
{[%clk 00:02:29]} {[%emt 00:00:26]} 84. Re1 {[%clk 00:01:41]} {[%emt 00:01:34]}
Qc7+ {[%clk 00:02:55]} {[%emt 00:00:05]} 85. Kh1 {[%clk 00:01:52]} {[%emt
00:00:18]} g4 {[%emt 00:02:08]} 86. hxg4 h3 87. Re3 {[%emt 00:00:30]} hxg2+
{[%emt 00:00:08]} 88. Kxg2 Qf4 {[%emt 00:00:06]} 89. Re2 {[%emt 00:00:03]}
1/2-1/2